Relación justificada de los más señalados méritos contraídos por el director general de prisiones don José Puidullés durante los 41 años que cuenta de servicios. (Record no. 163050)
[ view plain ]
| 000 -LEADER | |
|---|---|
| campo de control de longitud fija | 00641nam a2200145 i 4500 |
| 001 - NÚMERO DE CONTROL | |
| campo de control | 163050 |
| 003 - IDENTIFICADOR DE NÚMERO DE CONTROL | |
| campo de control | ES-MaACL |
| 005 - FECHA Y HORA DE LA ÚLTIMA TRANSACCIÓN | |
| campo de control | 20230906212647.0 |
| 008 - DATOS DE LONGITUD FIJA--INFORMACIÓN GENERAL | |
| campo de control de longitud fija | 170830s1842 sp |||| | spa d |
| 245 00 - MENCIÓN DEL TÍTULO | |
| Título | Relación justificada de los más señalados méritos contraídos por el director general de prisiones don José Puidullés durante los 41 años que cuenta de servicios. |
| 260 ## - PUBLICACIÓN, DISTRIBUCIÓN, ETC. | |
| Lugar de publicación, distribución, etc. | Madrid : |
| Nombre del editor, distribuidor, etc. | [s.n.], |
| Fecha de publicación, distribución, etc. | ( |
| Fabricante | Estab. tip. calle del Sordo, n. 11) |
| 300 ## - DESCRIPCIÓN FÍSICA | |
| Extensión | [1] h. pleg., 19 p. ; |
| Dimensiones | 18 cm. |
| 600 14 - PUNTO DE ACCESO ADICIONAL DE MATERIA--NOMBRE DE PERSONA | |
| Nombre de persona | Puidullés, José. |
| 9 (RLIN) | 163554 |
| 852 4# - LOCALIZACIÓN | |
| Ubicación | ES-MaACL |
| Número de control de estantería | T-20-F-10 |
| Nota libre | - Enc. hol., falto de cub. original |
| -- | - Enc. en un vol. facticio |
| Estatus retirado | Estado de pérdida | Estado de daño | No para préstamo | Colección | Biblioteca de origen | Biblioteca actual | Ubicación en estantería | Fecha de adquisición | Fuente de adquisición | Total de préstamos | Signatura topográfica completa | Código de barras | Visto por última vez | Precio de reemplazo | Tipo de ítem Koha |
|---|---|---|---|---|---|---|---|---|---|---|---|---|---|---|---|
| Colección de folletos | Biblioteca del Ateneo de Madrid | Biblioteca del Ateneo de Madrid | Depósito folletos | 30/08/2017 | T-20-F-10 | 1197963 | 23/02/2023 | 23/02/2023 | Folleto |
